Fr. Conceicao Rodrigues College of Engineering

Cryptography and network security (Record no. 23706)

MARC details
000 -LEADER
fixed length control field 00359nam a2200169Ia 4500
082 ## - DEWEY DECIMAL CLASSIFICATION NUMBER
Classification number 5.82
Item number KAH
100 ## - MAIN ENTRY--PERSONAL NAME
Personal name Kahate/Atul
250 ## - EDITION STATEMENT
Edition statement 2
245 ## - TITLE STATEMENT
Title Cryptography and network security
260 ## - PUBLICATION, DISTRIBUTION, ETC.
Name of publisher, distributor, etc. McGraw Hill
Date of publication, distribution, etc. 2008
366 ## - TRADE AVAILABILITY INFORMATION
Publishers's discount category 25
300 ## - PHYSICAL DESCRIPTION
Extent 541
546 ## - LANGUAGE NOTE
Language note ENGLISH
-- PAMPHALETS
650 ## - SUBJECT ADDED ENTRY--TOPICAL TERM
Topical term or geographic name entry element Security
654 ## - SUBJECT ADDED ENTRY--FACETED TOPICAL TERMS
Focus term crptography
942 ## - ADDED ENTRY ELEMENTS (KOHA)
Koha item type BOOK
Holdings
Withdrawn status Lost status Damaged status Not for loan Collection Home library Current library Date acquired Source of acquisition Cost, normal purchase price Inventory number Total Checkouts Full call number Barcode Date last seen Cost, replacement price Price effective from Koha item type
        CRC Fr. Agnel's C.Rodrigues College of Engineering Fr. Agnel's C.Rodrigues College of Engineering 17/03/2023 Allied Publishers 243.75 353 dt 30/04/2010   5.82 KAH 20627 17/03/2023 325.00   BOOK